[Event "Ibague Blitz op"]
[Site "Ibague"]
[Date "2022.10.08"]
[Round "8"]
[White "Carrillo Gil, William Alexander"]
[Black "Perez Leyton, Jafet Yesid"]
[Result "1-0"]
[WhiteElo "2049"]
[BlackElo "1567"]
[PlyCount "53"]
[EventDate "2022.10.08"]
[EventType "swiss (blitz)"]
[EventRounds "9"]
[EventCountry "COL"]
[SourceTitle "CBM 210 Extra"]
[Source "ChessBase"]
[SourceDate "2022.11.30"]
[SourceVersion "1"]
[SourceVersionDate "2022.11.30"]
[SourceQuality "1"]

1. e4 e5 2. Nf3 Nc6 3. Bc4 Bc5 4. Nc3 d6 5. d3 Be6 6. Bb3 h6 7. h3 Nf6 8. Be3 Bb6 9. Qd2 Nd4 10. Bxd4 exd4 11. Ne2 c5 12. 0-0 0-0 13. Nf4 Bxb3 14. axb3 Nd7 15. Rfe1 Qf6 16. Nd5 Qd8 17. Nh2 f5 18. f3 fxe4 19. fxe4 Qh4 20. Rf1 Bd8 21. Rxf8+ Nxf8 22. Rf1 Ng6 23. Qf2 Bg5 24. Nf3 Qh5 25. Nxg5 hxg5 26. Qf7+ Kh7 27. Nf6+ 1-0

[Event "Tolima Deportivo op"]
[Site "Tolima"]
[Date "2021.11.12"]
[Round "1"]
[White "Carrillo Gil, William Alexander"]
[Black "Rodriguez, William Nicolas"]
[Result "1/2-1/2"]
[WhiteElo "1895"]
[BlackElo "1478"]
[PlyCount "88"]
[EventDate "2021.11.12"]
[EventType "swiss"]
[EventRounds "7"]
[EventCountry "COL"]
[SourceTitle "CBM 205 Extra"]
[Source "ChessBase"]
[SourceDate "2022.01.31"]
[SourceVersion "1"]
[SourceVersionDate "2022.01.31"]
[SourceQuality "1"]

1. e4 e5 2. Nf3 Nc6 3. Bc4 Bc5 4. 0-0 Nf6 5. c3 d6 6. d4 exd4 7. cxd4 Bb6 8. Bg5 Bg4 9. d5 Bxf3 10. Qxf3 Ne5 11. Qe2 0-0 12. Bb3 h6 13. Bh4 g5 14. Bg3 Re8 15. Nd2 Re7 16. Kh1 Qe8 17. Rae1 Ng6 18. f4 Kg7 19. fxg5 hxg5 20. Qf3 Nh7 21. Nc4 Bd4 22. e5 Bxe5 23. Nxe5 Nxe5 24. Bxe5+ Rxe5 25. Rxe5 dxe5 26. d6 cxd6 27. Qxb7 Nf6 28. Qf3 Qd8 29. Qf5 Nh7 30. Qxf7+ Kh8 31. Bc2 Qg8 32. Qe7 Rc8 33. Be4 Qg7 34. Qxd6 Rf8 35. Rxf8+ Nxf8 36. h3 Kg8 37. b4 Nd7 38. Qe6+ Kf8 39. Bc6 Nf6 40. Qxe5 Qf7 41. Qxg5 Qe6 42. Qc5+ Kg8 43. b5 Qe1+ 44. Kh2 Ng4+ 1/2-1/2

[Event "COL-chT 21st"]
[Site "Cartagena"]
[Date "2019.11.30"]
[Round "4.1"]
[White "Carrillo Gil, William Alexander"]
[Black "Romero Martinez, Filadelfo"]
[Result "1-0"]
[WhiteElo "2026"]
[BlackElo "2046"]
[PlyCount "107"]
[EventDate "2019.11.30"]
[EventType "team-swiss"]
[EventRounds "9"]
[EventCountry "COL"]
[SourceTitle "CBM 195 Extra"]
[Source "ChessBase"]
[SourceDate "2020.05.31"]
[SourceVersion "1"]
[SourceVersionDate "2020.05.31"]
[SourceQuality "1"]
[WhiteTeam "Fuerzas Armadas"]
[BlackTeam "Sucre"]
[WhiteTeamCountry "COL"]
[BlackTeamCountry "COL"]

1. e4 d6 2. d4 Nd7 3. Nc3 e5 4. Nf3 Ngf6 5. dxe5 dxe5 6. Bg5 Be7 7. Bb5 c6 8. Ba4 b5 9. Bb3 b4 10. Bxf6 Bxf6 11. Ne2 0-0 12. 0-0 a5 13. c3 Nc5 14. cxb4 axb4 15. Ng3 Bg4 16. Qc2 Nxb3 17. Qxb3 c5 18. h3 Be6 19. Qc2 Qb6 20. b3 Rac8 21. Nh5 c4 22. Nxf6+ gxf6 23. bxc4 Rxc4 24. Qe2 Rfc8 25. Nh2 Rc2 26. Qh5 Qd4 27. Ng4 Bxg4 28. Qxg4+ Kf8 29. Qf5 Kg7 30. Rad1 Qc4 31. Rd6 Rc1 32. Qxf6+ Kg8 33. Rxc1 Qxc1+ 34. Kh2 Qf4+ 35. Qxf4 exf4 36. Rd4 Rc2 37. f3 Rxa2 38. Rxb4 Kg7 39. Rb5 Kg6 40. Rf5 f6 41. Rxf4 h5 42. Rf5 Rb2 43. h4 Rb3 44. Kg3 Ra3 45. Kf4 Ra2 46. g3 Rh2 47. e5 fxe5+ 48. Rxe5 Ra2 49. Re6+ Kf7 50. Rb6 Kg7 51. g4 Ra4+ 52. Kg3 hxg4 53. fxg4 Rb4 54. Rxb4 1-0

[Event "COL-chT 21st"]
[Site "Cartagena"]
[Date "2019.11.30"]
[Round "6.1"]
[White "Carrillo Gil, William Alexander"]
[Black "Tirado, Juan Camilo"]
[Result "1-0"]
[WhiteElo "2026"]
[BlackElo "2229"]
[PlyCount "91"]
[EventDate "2019.11.30"]
[EventType "team-swiss"]
[EventRounds "9"]
[EventCountry "COL"]
[SourceTitle "CBM 195 Extra"]
[Source "ChessBase"]
[SourceDate "2020.05.31"]
[SourceVersion "1"]
[SourceVersionDate "2020.05.31"]
[SourceQuality "1"]
[WhiteTeam "Fuerzas Armadas"]
[BlackTeam "Boyaca"]
[WhiteTeamCountry "COL"]
[BlackTeamCountry "COL"]

1. e4 Nc6 2. d4 d5 3. e5 Bf5 4. Nf3 e6 5. Bb5 Bg4 6. c3 a6 7. Ba4 b5 8. Bc2 Bh5 9. a4 b4 10. 0-0 Bg6 11. Bg5 Be7 12. Bd2 a5 13. Ne1 Bxc2 14. Qxc2 h5 15. cxb4 Nxb4 16. Bxb4 Bxb4 17. Qc6+ Kf8 18. Nd3 Ne7 19. Qc2 Rb8 20. Nc3 Nf5 21. Ne2 h4 22. h3 Kg8 23. Kh2 Qe7 24. Rac1 Rb7 25. Ndf4 g6 26. Qc6 Ra7 27. Rc2 Kg7 28. Rfc1 Rc8 29. Qb5 Qg5 30. Qd3 Rb7 31. Rc6 Be7 32. Rxe6 Rxb2 33. Rec6 Rcb8 34. Rxg6+ Qxg6 35. Nxg6 fxg6 36. Rxc7 R8b3 37. Qa6 Rb6 38. Qd3 R6b3 39. Qd1 Kh6 40. Rc2 Rb1 41. Qd2+ Bg5 42. Qxa5 Rb4 43. Qxd5 Rd1 44. Qg8 Rb8 45. Qxb8 Kh5 46. Qe8 1-0

[Event "COL-chT 21st"]
[Site "Cartagena"]
[Date "2019.11.30"]
[Round "9.1"]
[White "Florez, Luis Angel"]
[Black "Carrillo Gil, William Alexander"]
[Result "0-1"]
[WhiteElo "2112"]
[BlackElo "2026"]
[PlyCount "126"]
[EventDate "2019.11.30"]
[EventType "team-swiss"]
[EventRounds "9"]
[EventCountry "COL"]
[SourceTitle "CBM 195 Extra"]
[Source "ChessBase"]
[SourceDate "2020.05.31"]
[SourceVersion "1"]
[SourceVersionDate "2020.05.31"]
[SourceQuality "1"]
[WhiteTeam "Cauca"]
[BlackTeam "Fuerzas Armadas"]
[WhiteTeamCountry "COL"]
[BlackTeamCountry "COL"]

1. e4 e5 2. Nf3 Nc6 3. Nc3 Nf6 4. Bc4 Nxe4 5. Bxf7+ Kxf7 6. Nxe4 d5 7. Ng3 Bc5 8. d3 Rf8 9. Ng5+ Kg8 10. 0-0 h6 11. Nf3 Bg4 12. c3 Bxf3 13. gxf3 Qf6 14. Kg2 Ne7 15. Be3 Bd6 16. d4 Ng6 17. dxe5 Qxe5 18. Qd4 Qxd4 19. Bxd4 Nh4+ 20. Kh1 Nxf3 21. Rad1 c6 22. c4 Nxd4 23. Rxd4 Bc5 24. Rg4 dxc4 25. Rxc4 Bxf2 26. Ne4 Bb6 27. Rxf8+ Rxf8 28. Nd6 Rf2 29. b4 Rxa2 30. Nxb7 Rb2 31. Nd6 Bc7 32. Ne8 Bxh2 33. Rxc6 Kf7 34. Nc7 Bxc7 35. Rxc7+ Kg6 36. Rc4 h5 37. Rd4 Kh6 38. Rc4 g6 39. Rd4 Kg5 40. Rc4 h4 41. Kg1 Kh5 42. Kh1 g5 43. Rc7 Rxb4 44. Rxa7 Rb2 45. Ra4 h3 46. Rc4 g4 47. Kg1 Kh4 48. Kh1 Ra2 49. Rb4 Ra3 50. Rb1 Kg3 51. Kg1 Rf3 52. Kh1 Re3 53. Kg1 Kf4 54. Rb4+ Kf3 55. Rb1 g3 56. Rf1+ Kg4 57. Ra1 Re4 58. Rb1 Rf4 59. Ra1 Rb4 60. Rc1 Rf4 61. Ra1 g2 62. Rb1 Kg3 63. Rb3+ Rf3 0-1

[Event "COL-chT rapid"]
[Site "Cartagena"]
[Date "2019.11.29"]
[Round "7.2"]
[White "Ojeda, Jesus David"]
[Black "Carrillo Gil, William Alexander"]
[Result "1-0"]
[WhiteElo "2123"]
[BlackElo "1870"]
[PlyCount "103"]
[EventDate "2019.11.29"]
[EventType "team-swiss"]
[EventRounds "7"]
[EventCountry "COL"]
[SourceTitle "CBM 193 Extra"]
[Source "ChessBase"]
[SourceDate "2020.01.31"]
[SourceVersion "1"]
[SourceVersionDate "2020.01.31"]
[SourceQuality "1"]
[WhiteTeam "Norte de Santander"]
[BlackTeam "Fuerzas Armadas"]
[WhiteTeamCountry "COL"]
[BlackTeamCountry "COL"]

1. b3 Nf6 2. Bb2 d5 3. f4 Nc6 4. Nf3 Bg4 5. e3 e6 6. Be2 Be7 7. 0-0 h6 8. d3 0-0 9. Nbd2 Nb4 10. a3 Nc6 11. h3 Bxf3 12. Nxf3 Nh7 13. Qe1 Bf6 14. Ne5 Nxe5 15. fxe5 Bh4 16. g3 Be7 17. Bh5 c5 18. Qe2 Rc8 19. Rf2 g6 20. Bf3 b5 21. Raf1 c4 22. h4 Rc7 23. Kh1 a5 24. e4 c3 25. Bc1 Kg7 26. exd5 exd5 27. Qe3 g5 28. Bh5 Bc5 29. d4 Bb6 30. Qd3 Qe8 31. hxg5 hxg5 32. Rf5 Qe7 33. Rxf7+ Rxf7 34. Rxf7+ Qxf7 35. Bxf7 Rxf7 36. Be3 b4 37. axb4 axb4 38. Qb5 Rf3 39. Bg1 Ba7 40. Qxd5 Rf7 41. e6 Re7 42. Qe5+ Kg6 43. d5 Bxg1 44. Kxg1 Nf8 45. Qe4+ Kf6 46. Qd4+ Kg6 47. Qxb4 Kf6 48. Qxc3+ Kg6 49. Qd3+ Kf6 50. Qd4+ Kf5 51. g4+ Kg6 52. Qe4+ 1-0

[Event "COL-chT"]
[Site "Cartagena"]
[Date "2019.11.24"]
[Round "1.2"]
[White "Carrillo Gil, William Alexander"]
[Black "Ruiz Aguilar, Pablo Alexander"]
[Result "1/2-1/2"]
[WhiteElo "1885"]
[BlackElo "2224"]
[PlyCount "99"]
[EventDate "2019.11.24"]
[EventType "team-swiss"]
[EventRounds "7"]
[EventCountry "COL"]
[SourceTitle "CBM 193 Extra"]
[Source "ChessBase"]
[SourceDate "2020.01.31"]
[SourceVersion "1"]
[SourceVersionDate "2020.01.31"]
[SourceQuality "1"]
[WhiteTeam "Fuerzas Armadas"]
[BlackTeam "Santander"]
[WhiteTeamCountry "COL"]
[BlackTeamCountry "COL"]

1. e4 c5 2. Nf3 e6 3. c3 d5 4. exd5 Qxd5 5. d4 Nc6 6. Be3 cxd4 7. Nxd4 Nxd4 8. Qxd4 Nf6 9. Nd2 Bd7 10. Bc4 Qxg2 11. 0-0-0 b5 12. Rhg1 Qb7 13. Be2 Rc8 14. Bh6 Qd5 15. Qxd5 Nxd5 16. Bxg7 Bxg7 17. Rxg7 Nf4 18. Bf1 Bc6 19. Rg5 a6 20. a4 bxa4 21. Bxa6 Rd8 22. Rg4 e5 23. Re1 Ng6 24. Rc4 Bd7 25. Ne4 0-0 26. Nf6+ Kg7 27. Nxd7 Rxd7 28. Rxa4 Rfd8 29. Be2 Nf4 30. Rg1+ Kf8 31. Bg4 Rd2 32. Rd1 Rxd1+ 33. Bxd1 Nd3+ 34. Kc2 Ne1+ 35. Kc1 Nd3+ 36. Kc2 Nxb2 37. Kxb2 Rxd1 38. f4 exf4 39. Rxf4 Rd2+ 40. Kb3 Rxh2 41. c4 Ke7 42. c5 Rh1 43. Kb4 Ke6 44. c6 f5 45. Kc5 Rc1+ 46. Kb5 Ke5 47. Rh4 Kd5 48. Rh5 Rc5+ 49. Kb4 Kxc6 50. Rh6+ 1/2-1/2

[Event "COL-chT"]
[Site "Ibague"]
[Date "2018.10.13"]
[Round "5.4"]
[White "Cardozo Meza, Ferney Adan"]
[Black "Carrillo Gil, William Alexander"]
[Result "0-1"]
[WhiteElo "1891"]
[BlackElo "1882"]
[PlyCount "98"]
[EventDate "2018.10.11"]
[EventType "team-swiss"]
[EventRounds "6"]
[EventCountry "COL"]
[SourceTitle "CBM 186 Extra"]
[Source "ChessBase"]
[SourceDate "2018.08.24"]
[SourceVersion "1"]
[SourceVersionDate "2018.08.24"]
[SourceQuality "1"]
[WhiteTeam "Boyaca II"]
[BlackTeam "Fuerzas Armadas"]
[WhiteTeamCountry "COL"]
[BlackTeamCountry "COL"]

1. e4 d6 2. d4 g6 3. Nf3 Bg7 4. Nc3 Nf6 5. Be2 0-0 6. 0-0 c5 7. d5 Bg4 8. Bg5 Nbd7 9. h3 Bxf3 10. Bxf3 a6 11. a3 Rb8 12. Be2 h6 13. Be3 Nh7 14. f4 g5 15. Qd2 f6 16. Bg4 Kh8 17. Be6 Re8 18. Ne2 Rf8 19. Ng3 gxf4 20. Bxf4 Ng5 21. Bf5 Ne5 22. h4 Ngf7 23. Qe2 Rg8 24. Nh5 Qf8 25. Nxg7 Rxg7 26. Qh5 Qg8 27. Rf2 Rd8 28. Bxe5 dxe5 29. a4 Rb8 30. Ra3 Qf8 31. Rb3 Qg8 32. Rb6 Qf8 33. Rd2 Rg3 34. Kh2 Qg7 35. Rb3 Rg8 36. Qe2 Rxb3 37. cxb3 Qg3+ 38. Kg1 Nd6 39. Rd3 Qxh4 40. Rh3 Qg5 41. Rh5 Qc1+ 42. Kh2 Qf4+ 43. Kg1 Nxf5 44. Rxf5 Qg4 45. Qd2 Qxe4 46. Rh5 Qd4+ 47. Qxd4 cxd4 48. Rxh6+ Kg7 49. Rh3 Rd8 0-1

[Event "COL pre olympic sf3"]
[Site "Dosquebradas"]
[Date "2018.06.02"]
[Round "6"]
[White "Pelaez, Hernan"]
[Black "Carrillo Gil, William Alexander"]
[Result "0-1"]
[WhiteElo "1737"]
[BlackElo "2010"]
[PlyCount "100"]
[EventDate "2018.05.30"]
[EventType "swiss"]
[EventRounds "10"]
[EventCountry "COL"]
[SourceTitle "CBM 184 Extra"]
[Source "ChessBase"]
[SourceDate "2018.06.28"]
[SourceVersion "1"]
[SourceVersionDate "2018.06.28"]
[SourceQuality "1"]

1. g3 g6 2. Bg2 Bg7 3. Nf3 d6 4. 0-0 Nf6 5. d4 0-0 6. Re1 Bg4 7. h3 Bd7 8. e4 Qc8 9. Kh2 c6 10. c4 h6 11. Nc3 Nh7 12. e5 Na6 13. exd6 exd6 14. Bf4 Rd8 15. Bxd6 Be6 16. c5 b6 17. Na4 Nb4 18. a3 Nd5 19. Rc1 Qa6 20. Nc3 bxc5 21. Bxc5 Rab8 22. Qe2 Qc8 23. Ne4 Qc7 24. b4 a5 25. Qd2 axb4 26. axb4 Nhf6 27. Nxf6+ Nxf6 28. Ra1 Nd5 29. Ra7 Rb7 30. Rea1 Rdb8 31. Bf1 Qd8 32. Rxb7 Rxb7 33. Ra6 Nc7 34. Ra3 Bd5 35. Bg2 Kh7 36. Re3 Ne6 37. Ne5 Bxg2 38. Kxg2 Qd5+ 39. Nf3 Ng5 40. h4 Ne4 41. Qd3 f5 42. Qb3 Qd7 43. Rd3 f4 44. Ne5 Bxe5 45. dxe5 f3+ 46. Kg1 Qe8 47. e6 Nxc5 48. bxc5 Rxb3 49. Rxb3 Qxe6 50. Rxf3 Qe5 0-1

[Event "COL pre olympic sf3"]
[Site "Dosquebradas"]
[Date "2018.06.01"]
[Round "4"]
[White "Renteria, Jakson Alexander"]
[Black "Carrillo Gil, William Alexander"]
[Result "0-1"]
[WhiteElo "1649"]
[BlackElo "2010"]
[PlyCount "50"]
[EventDate "2018.05.30"]
[EventType "swiss"]
[EventRounds "10"]
[EventCountry "COL"]
[SourceTitle "CBM 184 Extra"]
[Source "ChessBase"]
[SourceDate "2018.06.28"]
[SourceVersion "1"]
[SourceVersionDate "2018.06.28"]
[SourceQuality "1"]

1. Nf3 g6 2. g3 Bg7 3. Bg2 d5 4. 0-0 Nf6 5. d3 0-0 6. Nbd2 Nc6 7. c3 e5 8. e4 dxe4 9. dxe4 Bg4 10. Re1 Qd7 11. Qb3 b6 12. Nf1 Rad8 13. Nh4 Na5 14. Qc2 Bd1 15. Qb1 Bg4 16. b3 c5 17. c4 Nc6 18. Ne3 Bh3 19. Bh1 Nd4 20. Nd5 Nxd5 21. exd5 f5 22. Qd3 f4 23. Rd1 fxg3 24. fxg3 Qg4 25. Bf3 e4 0-1

[Event "COL-ch Amateur U2000"]
[Site "Bogota"]
[Date "2017.03.04"]
[Round "5"]
[White "Castaneda, Victor"]
[Black "Carrillo Gil, William Alexander"]
[Result "1/2-1/2"]
[WhiteElo "1849"]
[BlackElo "1975"]
[PlyCount "67"]
[EventDate "2017.03.02"]
[EventType "swiss"]
[EventRounds "7"]
[EventCountry "COL"]
[SourceTitle "CBM 177 Extra"]
[Source "ChessBase"]
[SourceDate "2017.04.27"]
[SourceVersion "1"]
[SourceVersionDate "2017.04.27"]
[SourceQuality "1"]

1. c4 g6 2. g3 Bg7 3. Bg2 Nf6 4. Nc3 0-0 5. Nf3 d6 6. 0-0 c6 7. d4 Bg4 8. h3 Bxf3 9. Bxf3 Nbd7 10. Bg2 e5 11. d5 cxd5 12. cxd5 Nb6 13. a4 a6 14. Qb3 Rb8 15. Be3 Nc8 16. Kh2 h6 17. Bd2 Nd7 18. e4 Nc5 19. Qc2 Ne7 20. b4 Nd7 21. Rac1 Rc8 22. Qd3 f5 23. Ne2 Rxc1 24. Rxc1 Qb6 25. f4 fxe4 26. Qxe4 Nf5 27. g4 Nf6 28. Qd3 Nh4 29. Qg3 Nxg2 30. Qxg2 exf4 31. Nxf4 Nd7 32. Kh1 Ne5 33. Rf1 Qd4 34. Bc1 1/2-1/2

[Event "COL sub zt 2.3.4"]
[Site "La Dorada"]
[Date "2016.11.04"]
[Round "5"]
[White "Carrillo Gil, William Alexander"]
[Black "Salcedo, Juan Carlos"]
[Result "1-0"]
[WhiteElo "1684"]
[BlackElo "1987"]
[PlyCount "35"]
[EventDate "2016.11.02"]
[EventType "swiss"]
[EventRounds "9"]
[EventCountry "COL"]
[SourceTitle "CBM 175 Extra"]
[Source "ChessBase"]
[SourceDate "2016.12.12"]
[SourceVersion "1"]
[SourceVersionDate "2016.12.12"]
[SourceQuality "1"]

1. e4 e5 2. Nf3 Nf6 3. d4 Nxe4 4. Nxe5 d5 5. Bd3 Bd6 6. 0-0 0-0 7. f3 Nf6 8. Bg5 h6 9. Bh4 c5 10. c3 cxd4 11. cxd4 Nc6 12. Nxc6 bxc6 13. Nc3 Bc7 14. Rc1 Bb6 15. Bb1 Qd6 16. Qd3 g6 17. g4 h5 18. Bg3 1-0

[Event "COL sub zt 2.3.4"]
[Site "La Dorada"]
[Date "2016.11.03"]
[Round "3"]
[White "Carrillo Gil, William Alexander"]
[Black "Velez, Luis Fernando"]
[Result "1-0"]
[WhiteElo "1684"]
[BlackElo "1761"]
[PlyCount "57"]
[EventDate "2016.11.02"]
[EventType "swiss"]
[EventRounds "9"]
[EventCountry "COL"]
[SourceTitle "CBM 175 Extra"]
[Source "ChessBase"]
[SourceDate "2016.12.12"]
[SourceVersion "1"]
[SourceVersionDate "2016.12.12"]
[SourceQuality "1"]

1. e4 e5 2. Nf3 Nc6 3. Bc4 Bc5 4. 0-0 Nge7 5. c3 d5 6. exd5 Nxd5 7. Re1 0-0 8. Nxe5 Nxe5 9. Rxe5 Bxf2+ 10. Kxf2 Qf6+ 11. Qf3 Qxe5 12. Bxd5 c6 13. Bb3 Be6 14. d4 Qa5 15. Nd2 Rad8 16. Bc2 Bd5 17. Qh3 f5 18. Nf3 c5 19. Bxf5 g6 20. Be6+ Kh8 21. Bh6 Rf6 22. Bxd5 Rxd5 23. Qc8+ Rd8 24. Qxb7 Rg8 25. Qe7 Qb6 26. Qe5 cxd4 27. cxd4 Rc8 28. Re1 Rc2+ 29. Kg1 1-0

[Event "COL sub zt 2.3.4"]
[Site "La Dorada"]
[Date "2016.11.03"]
[Round "2"]
[White "Pena, Fernando"]
[Black "Carrillo Gil, William Alexander"]
[Result "1-0"]
[WhiteElo "1886"]
[BlackElo "1684"]
[PlyCount "49"]
[EventDate "2016.11.02"]
[EventType "swiss"]
[EventRounds "9"]
[EventCountry "COL"]
[SourceTitle "CBM 175 Extra"]
[Source "ChessBase"]
[SourceDate "2016.12.12"]
[SourceVersion "1"]
[SourceVersionDate "2016.12.12"]
[SourceQuality "1"]

1. e4 d6 2. d4 Nf6 3. Nc3 g6 4. Nf3 Bg7 5. h3 0-0 6. Bg5 Nc6 7. Qd2 Re8 8. Bc4 Na5 9. Be2 Nc6 10. 0-0-0 a6 11. Qe3 b5 12. e5 Nd7 13. h4 f6 14. Bh6 Nf8 15. h5 Bxh6 16. Qxh6 g5 17. Bd3 Nb4 18. Bg6 Bb7 19. e6 Nd5 20. Ne4 Nf4 21. Nexg5 fxg5 22. Nxg5 N4xg6 23. hxg6 Be4 24. Nxe4 c5 25. Ng5 1-0

[Event "COL-ch Amateur"]
[Site "Colombia"]
[Date "2014.03.15"]
[Round "7"]
[White "Jaramillo, Amparo"]
[Black "Carrillo Gil, William Alexander"]
[Result "0-1"]
[WhiteElo "1552"]
[BlackElo "1695"]
[PlyCount "56"]
[EventDate "2014.03.12"]
[EventType "swiss"]
[EventRounds "9"]
[EventCountry "COL"]
[SourceTitle "CBM 159 Extra"]
[Source "ChessBase"]
[SourceDate "2014.04.24"]
[SourceVersion "1"]
[SourceVersionDate "2014.04.24"]
[SourceQuality "1"]

1. e4 d6 2. d4 g6 3. Nf3 Nf6 4. Nc3 Bg7 5. Bd3 0-0 6. h3 Nc6 7. Ne2 e5 8. dxe5 dxe5 9. 0-0 Qe7 10. c3 Be6 11. Qc2 Rad8 12. Bg5 a6 13. Rad1 Rd7 14. Qb1 Rfd8 15. Ng3 Bxa2 16. Qxa2 Rxd3 17. Rxd3 Rxd3 18. Qb3 Nd8 19. Ra1 h6 20. Be3 Qd6 21. Qc4 b5 22. Qc5 h5 23. Nxe5 Rd1+ 24. Rxd1 Qxd1+ 25. Nf1 Ne6 26. Qe7 Nd8 27. f3 Qd6 28. Qxd6 cxd6 0-1

[Event "COL-ch Amateur"]
[Site "Colombia"]
[Date "2014.03.12"]
[Round "1"]
[White "Carrillo Gil, William Alexander"]
[Black "Prado, Leonardo"]
[Result "0-1"]
[WhiteElo "1695"]
[BlackElo "1954"]
[PlyCount "68"]
[EventDate "2014.03.12"]
[EventType "swiss"]
[EventRounds "9"]
[EventCountry "COL"]
[SourceTitle "CBM 159 Extra"]
[Source "ChessBase"]
[SourceDate "2014.04.24"]
[SourceVersion "1"]
[SourceVersionDate "2014.04.24"]
[SourceQuality "1"]

1. e4 c5 2. Nf3 Nc6 3. c3 d5 4. e5 Bg4 5. Bb5 Qb6 6. Bxc6+ bxc6 7. 0-0 e6 8. d4 Bxf3 9. gxf3 Ne7 10. dxc5 Qxc5 11. Be3 Qa5 12. b4 Qa6 13. Nd2 Nf5 14. Nb3 Be7 15. Nd4 Nxe3 16. fxe3 c5 17. bxc5 Bxc5 18. f4 g6 19. h4 Rc8 20. Kg2 Be7 21. Qb3 0-0 22. h5 Qd3 23. hxg6 hxg6 24. Qc2 Qxc2+ 25. Nxc2 Rxc3 26. Nd4 Rxe3 27. Rh1 Bc5 28. Nb3 Bb6 29. Rh6 Rc8 30. Rah1 Rc2+ 31. Kf1 Kf8 32. Rh8+ Ke7 33. R8h2 Rxh2 34. Rxh2 Rf3+ 0-1

[Event "COL-ch Amateur"]
[Site "Colombia"]
[Date "2014.03.12"]
[Round "2"]
[White "Virviescas Sanchez, Christian Stewart"]
[Black "Carrillo Gil, William Alexander"]
[Result "0-1"]
[WhiteElo "1507"]
[BlackElo "1695"]
[PlyCount "82"]
[EventDate "2014.03.12"]
[EventType "swiss"]
[EventRounds "9"]
[EventCountry "COL"]
[SourceTitle "CBM 159 Extra"]
[Source "ChessBase"]
[SourceDate "2014.04.24"]
[SourceVersion "1"]
[SourceVersionDate "2014.04.24"]
[SourceQuality "1"]

1. d4 g6 2. c4 Bg7 3. e3 Nf6 4. Nf3 0-0 5. Be2 d6 6. Nc3 Nc6 7. 0-0 Bg4 8. Ne1 Bxe2 9. Qxe2 e5 10. d5 Ne7 11. e4 Nd7 12. Be3 f5 13. Bg5 fxe4 14. Qxe4 Qe8 15. Nf3 Nf5 16. Nh4 Nc5 17. Qb1 Nd4 18. b4 Nd7 19. Qb2 e4 20. Qd2 Nf5 21. Nxf5 Rxf5 22. Rac1 Qe5 23. Be3 a5 24. b5 Raf8 25. Ne2 b6 26. Bd4 Qe7 27. Bxg7 Kxg7 28. Nd4 Qe5 29. Nxf5+ Rxf5 30. Rc3 Nc5 31. Rh3 h5 32. Qc3 Kf6 33. Qxe5+ Kxe5 34. Rd1 Nd3 35. Rdxd3 exd3 36. Rxd3 Rf4 37. Re3+ Kd4 38. a4 Kxc4 39. g3 Rf7 40. Re6 Rg7 41. Re3 Kxd5 0-1

[Event "Bucaramanga Departamental op"]
[Site "Bucaramanga"]
[Date "2012.12.02"]
[Round "5"]
[White "Sanchez, Sebastian Felipe"]
[Black "Carrillo Gil, William Alexander"]
[Result "1-0"]
[WhiteElo "2313"]
[BlackElo "1637"]
[PlyCount "79"]
[EventDate "2012.11.30"]
[EventType "swiss"]
[EventRounds "6"]
[EventCountry "COL"]
[SourceTitle "CBM 151 Extra"]
[Source "ChessBase"]
[SourceDate "2012.12.18"]
[SourceVersion "1"]
[SourceVersionDate "2012.12.18"]
[SourceQuality "1"]

1. e4 d6 2. d4 g6 3. c4 Bg7 4. Nc3 f5 5. Nf3 fxe4 6. Nxe4 Nf6 7. Nc3 0-0 8. Be2 Nc6 9. d5 Nb8 10. 0-0 e5 11. dxe6 Bxe6 12. Ng5 Bd7 13. c5 h6 14. Qb3+ d5 15. Nxd5 Kh8 16. Nxf6 Qxf6 17. Ne4 Qe7 18. Nc3 Bc6 19. Be3 Nd7 20. Bb5 Nf6 21. Bxc6 bxc6 22. h3 g5 23. Rfe1 Rae8 24. Qc4 Nd5 25. Nxd5 cxd5 26. Qxd5 Qf6 27. Rab1 c6 28. Qd3 Rd8 29. Qc2 g4 30. hxg4 Qh4 31. Qg6 Rd2 32. g3 Qd8 33. Bxh6 Bxh6 34. Qxh6+ Kg8 35. Qg6+ Kh8 36. Re5 Rd5 37. Qh5+ Kg8 38. Rxd5 cxd5 39. Qg6+ Kh8 40. Kg2 1-0

[Event "Bucaramanga Departamental op"]
[Site "Bucaramanga"]
[Date "2012.12.01"]
[Round "3"]
[White "Carrillo Gil, William Alexander"]
[Black "Guerrero, Gabriel"]
[Result "1-0"]
[WhiteElo "1637"]
[BlackElo "1699"]
[PlyCount "77"]
[EventDate "2012.11.30"]
[EventType "swiss"]
[EventRounds "6"]
[EventCountry "COL"]
[SourceTitle "CBM 151 Extra"]
[Source "ChessBase"]
[SourceDate "2012.12.18"]
[SourceVersion "1"]
[SourceVersionDate "2012.12.18"]
[SourceQuality "1"]

1. e4 c5 2. Nf3 e6 3. c3 Nc6 4. d4 cxd4 5. Nxd4 Qc7 6. Be3 Nf6 7. Bd3 h5 8. h3 a6 9. Nd2 b5 10. Qe2 Bb7 11. f4 h4 12. 0-0 Nh5 13. Rf3 Ng3 14. Qe1 Bc5 15. Nf1 Nxf1 16. Kxf1 d6 17. Bf2 Qe7 18. Rd1 g5 19. Nxc6 Bxc6 20. f5 e5 21. Bxc5 dxc5 22. f6 Qc7 23. Qe3 c4 24. Bc2 Rg8 25. Qc5 Rd8 26. Rf5 Rxd1+ 27. Bxd1 Qd7 28. Rxe5+ Kd8 29. Qb6+ Qc7 30. Qxc7+ Kxc7 31. Re7+ Kb6 32. Bf3 Rf8 33. Kf2 Kc5 34. Re5+ Kd6 35. Re7 Kc5 36. Ke3 Rd8 37. Rxf7 Rd3+ 38. Ke2 a5 39. Rg7 1-0